[Event "Sparkassen-Open A"]
[Site "Heusenstamm, Martinsee"]
[Date "2021.11.18"]
[Round "1.65"]
[White "Küpper, Martin"]
[Black "Meyer, Marcel"]
[Result "1-0"]
[WhiteElo "2013"]
[BlackElo "1728"]
[PlyCount "25"]
[EventDate "2021.??.??"]
[WhiteTeam "SC Fulda"]
[BlackTeam "SK Herborn"]

1. Nf3 Nf6 2. c4 c6 3. Nc3 d5 4. e3 e6 5. b3 Bd6 6. Bb2 O-O 7. Be2 Nbd7 8. Qc2
Re8 9. Rg1 e5 10. cxd5 cxd5 11. Nb5 Bb8 12. Rc1 Re6 13. Qxc8 1-0

[Event "Sparkassen-Open A"]
[Site "Heusenstamm, Martinsee"]
[Date "2021.11.18"]
[Round "1.66"]
[White "von Beckh, Frieda"]
[Black "Foerster-Yialamas, Lucas"]
[Result "0-1"]
[WhiteElo "1508"]
[BlackElo "2002"]
[PlyCount "96"]
[EventDate "2021.??.??"]
[WhiteTeam "SK Bad Homburg"]
[BlackTeam "Frankfurter TV"]

1. e4 c5 2. Nc3 Nc6 3. f4 e6 4. Nf3 d6 5. Bb5 Nge7 6. O-O g6 7. d3 Bg7 8. Qe1
O-O 9. Qh4 a6 10. Ba4 b5 11. Bb3 d5 12. a4 b4 13. Ne2 Na5 14. f5 exf5 15. Bh6
f6 16. Bxd5+ Nxd5 17. exd5 Qxd5 18. Nf4 Qc6 19. Bxg7 Kxg7 20. Rae1 Re8 21. Rxe8
Qxe8 22. Re1 Qf7 23. Nd5 Be6 24. Nc7 Qxc7 25. Rxe6 Qf7 26. Qe1 Kf8 27. Qe3 Nb7
28. Qh6+ Kg8 29. Qe3 c4 30. Re7 Qd5 31. Re8+ Rxe8 32. Qxe8+ Kg7 33. Qe7+ Qf7
34. Qxf7+ Kxf7 35. dxc4 Ke6 36. Nd4+ Kd6 37. b3 a5 38. Kf2 Ke5 39. Nc6+ Ke4 40.
Ke2 f4 41. Nb8 f5 42. Nd7 h6 43. Nf6+ Ke5 44. Nd5 g5 45. c3 bxc3 46. Nxc3 Nc5
47. Nb5 Nxb3 48. Na7 Kd4 0-1

[Event "Sparkassen-Open A"]
[Site "Heusenstamm, Martinsee"]
[Date "2021.11.18"]
[Round "1.67"]
[White "Berberich, Christoph"]
[Black "Marzec, Witold"]
[Result "1/2-1/2"]
[WhiteElo "2017"]
[BlackElo "1706"]
[PlyCount "64"]
[EventDate "2021.??.??"]
[WhiteTeam "SGEM Dreisamtal"]
[BlackTeam "VL Bornheim"]

1. d4 Nf6 2. Nf3 e6 3. e3 d5 4. c4 c6 5. Nbd2 Bd6 6. Bd3 Nbd7 7. O-O O-O 8. e4
dxe4 9. Nxe4 Nxe4 10. Bxe4 Nf6 11. Bc2 Qc7 12. Qd3 Bf4 13. Re1 Bxc1 14. Raxc1
g6 15. Ne5 Rd8 16. Qe3 Kg7 17. Rcd1 b6 18. Qf4 Bb7 19. Nxg6 Qxf4 20. Nxf4 Rd7
21. Re3 Rad8 22. Rg3+ Kf8 23. Rgd3 Ba6 24. b3 b5 25. cxb5 Bxb5 26. Rc3 e5 27.
a4 exd4 28. Rf3 Ba6 29. Nd3 Bxd3 30. Bxd3 Kg7 31. Rg3+ Kf8 32. Rf3 Kg7 1/2-1/2

[Event "Sparkassen-Open A"]
[Site "Heusenstamm, Martinsee"]
[Date "2021.11.18"]
[Round "1.68"]
[White "Glöckler, Christian"]
[Black "Hesse, Uwe"]
[Result "1-0"]
[WhiteElo "1397"]
[BlackElo "2014"]
[PlyCount "95"]
[EventDate "2021.??.??"]
[WhiteTeam "SC Lindenholzhausen"]
[BlackTeam "VL Düsseldorf"]

1. e4 d6 2. d4 Nf6 3. Nc3 Nbd7 4. Bc4 e5 5. Nf3 Be7 6. dxe5 dxe5 7. Nd5 Nxe4 8.
Nxe7 Qxe7 9. O-O O-O 10. Re1 Nd6 11. Bg5 Qe8 12. Bb3 Kh8 13. Nxe5 Nxe5 14. f4
f6 15. fxe5 fxe5 16. Qd5 Rf5 17. Bh4 e4 18. Qd4 Be6 19. Rad1 Bxb3 20. axb3 Qc6
21. c3 Re8 22. Bg3 Re6 23. Rf1 Rxf1+ 24. Rxf1 Kg8 25. Be5 Qe8 26. Bxd6 cxd6 27.
Kf2 b6 28. Qd5 h6 29. Ke3 Kh7 30. Rf4 Qg6 31. g4 Re5 32. Qd4 h5 33. Qd1 d5 34.
Qd4 Rg5 35. c4 hxg4 36. cxd5 g3 37. Rh4+ Kg8 38. Qc4 Rh5 39. Rxh5 Qxh5 40. d6+
Kh8 41. d7 Qf3+ 42. Kd2 e3+ 43. Kc1 Qh1+ 44. Kc2 Qxh2+ 45. Kb1 Qh1+ 46. Ka2 Qd1
47. Qc8+ Kh7 48. d8=Q 1-0

[Event "Sparkassen-Open A"]
[Site "Heusenstamm, Martinsee"]
[Date "2021.11.18"]
[Round "1.69"]
[White "Seehaus, Bernhard"]
[Black "Raumanns, Niklas"]
[Result "1/2-1/2"]
[WhiteElo "2013"]
[BlackElo "1682"]
[PlyCount "62"]
[EventDate "2021.??.??"]
[WhiteTeam "Schachforum Darmstadt"]
[BlackTeam "SC Bergen-Enkheim"]

1. Nc3 Nf6 2. e4 d6 3. d4 g6 4. f4 Bg7 5. e5 dxe5 6. dxe5 Qxd1+ 7. Kxd1 Ng4 8.
Ke1 c6 9. h3 Nh6 10. g4 O-O 11. Nf3 f6 12. Bc4+ Nf7 13. Be3 fxe5 14. Ng5 e6 15.
Bxe6 Bxe6 16. Nxe6 Re8 17. Nxg7 Kxg7 18. fxe5 Nxe5 19. Kf2 Nbd7 20. Rad1 a6 21.
Rhe1 Rad8 22. Bg5 Rf8+ 23. Kg2 Rde8 24. Ne4 h6 25. Bd2 Nf3 26. Bc3+ Nde5 27.
Rf1 Kg8 28. Bxe5 Rxe5 29. Rxf3 Rxe4 30. Rxf8+ Kxf8 31. Rd7 Re7 1/2-1/2

[Event "Sparkassen-Open A"]
[Site "Heusenstamm, Martinsee"]
[Date "2021.11.18"]
[Round "1.70"]
[White "Kähm, Kevin"]
[Black "Benninger, Rudolf"]
[Result "1/2-1/2"]
[WhiteElo "1626"]
[BlackElo "2008"]
[PlyCount "177"]
[EventDate "2021.??.??"]
[WhiteTeam "SK Bischofsheim"]
[BlackTeam "SC Heusenstamm"]

1. d4 g6 2. Nf3 Bg7 3. g3 c5 4. Bg2 cxd4 5. Nxd4 Nc6 6. Nxc6 bxc6 7. O-O Rb8 8.
c3 Nf6 9. Qc2 O-O 10. Bf4 d6 11. Na3 e5 12. Bg5 d5 13. Rfd1 Qb6 14. Bxf6 Bxf6
15. Rd2 Be6 16. Rad1 Rfd8 17. b3 Qa5 18. Nb1 Qb6 19. e3 Kg7 20. h3 Qb7 21. Kh2
Qb6 22. Na3 Qa6 23. Nb1 Rd7 24. c4 Rbd8 25. cxd5 cxd5 26. Rc1 Rd6 27. Nc3 Rc8
28. Qd1 Rdc6 29. Ne2 Rxc1 30. Nxc1 d4 31. exd4 Bg5 32. Rc2 Rxc2 33. Qxc2 exd4
34. Nd3 Bf5 35. Bf1 h5 36. Qe2 Bf6 37. Nf4 Qd6 38. Qc4 h4 39. Bd3 Be5 40. Ne2
Be6 41. Qa6 Qd5 42. Qb5 Qd6 43. Qa6 Qd7 44. Qb5 Qc7 45. Kg2 Bd7 46. Qc4 Qb7+
47. f3 Qb6 48. g4 Qf6 49. Be4 g5 50. a4 Qd6 51. Bd5 Be6 52. Bxe6 d3 53. Nc3 d2
54. Ne4 d1=Q 55. Nxd6 Qd2+ 56. Kf1 Bxd6 57. Bf5 Bg3 58. Qe2 Qd4 59. Kg2 Bd6 60.
Qf2 Qe5 61. Kh1 Bc5 62. Qf1 Bd4 63. Bd3 Qf4 64. a5 Be5 65. Qf2 Bd4 66. Qf1 Be5
67. Qf2 Qb4 68. Qe2 Qf4 69. Qf2 Bd4 70. Qg2 Qe3 71. Bc4 Qe1+ 72. Bf1 Qxa5 73.
Qe2 Qc3 74. Qd3 Qb2 75. Bg2 Qc1+ 76. Bf1 Qf4 77. Qe4 Qd2 78. Qe2 Qc3 79. Qd3
Qb2 80. Bg2 Qc1+ 81. Bf1 Be5 82. Qe2 Qc3 83. Qd3 Qe1 84. Qe2 Qg3 85. Qg2 Qf4
86. Qe2 Qd4 87. Qd3 Qa1 88. Qe2 Bf4 89. b4 1/2-1/2

[Event "Sparkassen-Open A"]
[Site "Heusenstamm, Martinsee"]
[Date "2021.11.18"]
[Round "1.71"]
[White "Ohler, Julius"]
[Black "Schreidl, Michael"]
[Result "1-0"]
[WhiteElo "2006"]
[BlackElo "1598"]
[PlyCount "89"]
[EventDate "2021.??.??"]
[WhiteTeam "SC ML Kastellaun"]
[BlackTeam "SK Frankenthal"]

1. d4 d5 2. c4 e6 3. Nc3 Nf6 4. Bg5 Be7 5. e3 O-O 6. Nf3 h6 7. Bf4 c6 8. Qc2
Nbd7 9. h3 Qa5 10. Nd2 Bb4 11. Bd3 dxc4 12. Nxc4 Qd8 13. O-O Nd5 14. Bg3 N7f6
15. a3 Be7 16. Rfd1 b6 17. e4 Nxc3 18. bxc3 Bb7 19. e5 Nd5 20. Nd6 Bxd6 21.
exd6 Qd7 22. c4 Nf6 23. c5 b5 24. Qe2 Nd5 25. Re1 Rad8 26. Bc2 f5 27. Be5 g6
28. Kh2 Kh7 29. f4 a5 30. Qd2 a4 31. Rab1 Ba6 32. Rg1 Rg8 33. g4 Rdf8 34. Rg2
Bc8 35. Rbg1 Qf7 36. g5 h5 37. Bd1 Rd8 38. Bxh5 Rge8 39. Qf2 Kg8 40. Bd1 Qh7
41. h4 Nc3 42. Bf3 Bb7 43. Kh1 Kf7 44. Rh2 Rd7 45. h5 1-0

[Event "Sparkassen-Open A"]
[Site "Heusenstamm, Martinsee"]
[Date "2021.11.18"]
[Round "1.72"]
[White "Kürschner, Liam"]
[Black "Wachsmann, Dietmar"]
[Result "1/2-1/2"]
[WhiteElo "1641"]
[BlackElo "1983"]
[PlyCount "114"]
[EventDate "2021.??.??"]
[WhiteTeam "SK Langen"]
[BlackTeam "SC Groß-Umstadt"]

1. c4 e6 2. g3 d5 3. d4 c5 4. cxd5 exd5 5. Nf3 Nc6 6. Nc3 Nf6 7. Bg2 Be7 8. O-O
O-O 9. e3 c4 10. b3 cxb3 11. axb3 Bf5 12. Ba3 Bxa3 13. Rxa3 Qe7 14. Ra1 Rac8
15. Rc1 Rfd8 16. Qd2 Na5 17. Qb2 Qb4 18. Nd2 Rc6 19. Na2 Qb6 20. b4 Rdc8 21.
Rc5 Nd7 22. Qa3 Nxc5 23. dxc5 Qd8 24. bxa5 Rxc5 25. Nb3 Rb5 26. a6 bxa6 27. Nd4
Ra5 28. Qb3 Be4 29. Nb4 Rac5 30. Qa3 a5 31. Nbc6 R5xc6 32. Nxc6 Rxc6 33. Ra1 h6
34. Bxe4 dxe4 35. Qa4 Re6 36. Qxa5 Qxa5 37. Rxa5 a6 38. Kg2 Kf8 39. h4 Ke7 40.
g4 Kd7 41. Kg3 Kc7 42. f4 Kb6 43. Ra4 Kb5 44. Rd4 a5 45. Rd7 a4 46. Rxf7 a3 47.
Rd7 a2 48. Rd1 Ra6 49. Ra1 Ra3 50. f5 Kc4 51. Kf4 Kd5 52. g5 h5 53. g6 Ra4 54.
f6 gxf6 55. g7 Ra8 56. Rxa2 Rg8 57. Rg2 Ke6 1/2-1/2

[Event "Sparkassen-Open A"]
[Site "Heusenstamm, Martinsee"]
[Date "2021.11.18"]
[Round "1.73"]
[White "Woestmann, Ulrich"]
[Black "Reuter, Klaus"]
[Result "1-0"]
[WhiteElo "2000"]
[BlackElo "1617"]
[PlyCount "51"]
[EventDate "2021.??.??"]
[WhiteTeam "SV Ahlen"]
[BlackTeam "SC Ober-Ramstadt"]

1. e4 c5 2. d4 cxd4 3. c3 e6 4. Nf3 dxc3 5. Nxc3 a6 6. Bc4 h6 7. O-O Nc6 8. Qe2
b5 9. Bb3 Nge7 10. Bf4 Ng6 11. Bg3 h5 12. Nd5 Ra7 13. h4 Be7 14. Nxe7 Qxe7 15.
Rfd1 e5 16. Ng5 Nd8 17. Rac1 Bb7 18. Rc7 Nf8 19. Qe3 Ra8 20. Rxb7 f6 21. Rc7
fxg5 22. Qc3 Nc6 23. Rxc6 gxh4 24. Rc8+ Rxc8 25. Qxc8+ Qd8 26. Bf7+ 1-0

[Event "Sparkassen-Open A"]
[Site "Heusenstamm, Martinsee"]
[Date "2021.11.18"]
[Round "1.74"]
[White "Margaryan, Susanna"]
[Black "Müdder, Rafael"]
[Result "0-1"]
[WhiteElo "1517"]
[BlackElo "1999"]
[PlyCount "126"]
[EventDate "2021.??.??"]
[WhiteTeam "Elmshorner SC"]
[BlackTeam "SG Solingen"]

1. d4 Nf6 2. Bf4 g6 3. Nf3 Bg7 4. e3 O-O 5. Bd3 d6 6. O-O Nbd7 7. Nbd2 Nh5 8.
Bg3 Nxg3 9. hxg3 e5 10. c3 c6 11. a4 f5 12. dxe5 dxe5 13. Bc4+ Kh8 14. Qc2 e4
15. Nd4 Ne5 16. b4 Qe7 17. Rfb1 Rd8 18. b5 c5 19. N4b3 b6 20. a5 Be6 21. Bxe6
Qxe6 22. axb6 axb6 23. Rxa8 Rxa8 24. Ra1 Qe8 25. c4 Nd3 26. Rxa8 Qxa8 27. Nc1
Nb4 28. Qb1 Bf6 29. g4 Qd8 30. Ncb3 Bc3 31. gxf5 gxf5 32. g3 Nd3 33. Qc2 Bf6
34. Qa2 Ne5 35. Kg2 h5 36. Nf1 h4 37. Nbd2 Kg7 38. gxh4 Bxh4 39. Qa7+ Kg6 40.
Qb7 Qg5+ 41. Ng3 Bxg3 42. Qxb6+ Kh5 43. fxg3 Qxe3 44. Qd6 Nd3 45. g4+ Kg5 46.
Qe7+ Kf4 47. Qd6+ Kxg4 48. Qg6+ Qg5 49. Qxg5+ Kxg5 50. b6 Ne5 51. b7 Nc6 52.
Nb3 Kf4 53. Kf2 Ke5 54. Nxc5 Kd4 55. Nb3+ Kd3 56. Ke1 e3 57. Kd1 f4 58. Nc1+
Ke4 59. Ke1 f3 60. Kf1 Kd4 61. Nb3+ Kd3 62. Nc1+ Kd2 63. Nb3+ Kd1 0-1

[Event "Sparkassen-Open A"]
[Site "Heusenstamm, Martinsee"]
[Date "2021.11.18"]
[Round "1.75"]
[White "Kirchner, Markus"]
[Black "Hebauf, Markus"]
[Result "1-0"]
[WhiteElo "1995"]
[BlackElo "1541"]
[PlyCount "52"]
[EventDate "2021.??.??"]
[WhiteTeam "SF Schöneck"]
[BlackTeam "Sfr. Kelkheim"]

1. e4 c5 2. Nf3 Nc6 3. d4 cxd4 4. Nxd4 d6 5. c4 e6 6. Nc3 Bd7 7. Be3 Qc7 8. Be2
Nf6 9. O-O Be7 10. Qd2 O-O 11. f3 Rfd8 12. Rfd1 b6 13. Rac1 Rac8 14. Ndb5 Qb8
15. Bf4 e5 16. Bg5 Be6 17. Nd5 Bxd5 18. cxd5 Na5 19. b4 Nb7 20. Rc6 Kf8 21.
Rdc1 Ke8 22. Nxa7 Qxa7 23. Rxc8 Rxc8 24. Rxc8+ Kd7 25. Qc1 Nc5 26. bxc5 Kxc8
1-0

[Event "Sparkassen-Open A"]
[Site "Heusenstamm, Martinsee"]
[Date "2021.11.19"]
[Round "2.1"]
[White "Schreiner, Roland"]
[Black "Sumets, Andrey"]
[Result "0-1"]
[WhiteElo "2104"]
[BlackElo "2527"]
[PlyCount "48"]
[EventDate "2021.??.??"]
[WhiteTeam "SC Heusenstamm"]
[BlackTeam "SV Hofheim"]

{[%evp 0,43,17,17,17,17,17,6,13,14,46,59,56,37,34,2,12,5,8,-10,1,-16,-6,-13,0,
5,2,-84,-76,-137,-146,-140,-153,-174,-194,-178,-179,-192,-190,-197,-197,-210,
-210,-200,-205,-203]} 1. d4 Nf6 2. Nf3 e6 {[%emt 0:00:18]} 3. c4 {[%emt 0:00:
56]} d5 {[%emt 0:00:12]} 4. Nc3 {[%emt 0:00:25]} c6 {[%emt 0:01:15]} 5. e3 {
[%emt 0:00:54]} a6 6. cxd5 {[%emt 0:06:00]} exd5 7. Be2 Bd6 {[%emt 0:00:36]} 8.
Qc2 {[%emt 0:05:05]} O-O 9. O-O {[%emt 0:00:53]} Re8 {[%emt 0:00:06]} 10. Bd3 {
[%emt 0:15:26]} Nbd7 {[%emt 0:19:50]} 11. b3 {[%emt 0:06:24]} Qe7 {[%emt 0:09:
55]} 12. Bb2 {[%emt 0:11:37]} Ne4 {[%emt 0:04:36]} 13. Ne5 {[%emt 0:09:47]}
Nxe5 {[%emt 0:08:24]} 14. Bxe4 {[%emt 0:02:38]} dxe4 {[%emt 0:02:40]} 15. dxe5
{[%emt 0:00:09]} Qxe5 {[%emt 0:00:03]} 16. g3 {[%emt 0:00:37]} Bg4 {[%emt 0:14:
26]} 17. Ne2 {[%emt 0:02:47]} Qh5 {[%emt 0:01:40]} 18. Nf4 {[%emt 0:00:10]}
Bxf4 19. exf4 Rad8 {[%emt 0:05:09]} 20. Rfe1 {[%emt 0:02:27]} Bf3 {[%emt 0:00:
39]} 21. Qc3 {[%emt 0:00:14]} f6 {[%emt 0:00:26]} 22. h4 {[%emt 0:01:32]} Rd5 {
[%emt 0:03:37]} 23. Qb4 {[%emt 0:01:07]} b5 {[%emt 0:02:43]} 24. Rac1 {[%emt 0:
00:13]} Qg4 {[%emt 0:00:47]} 0-1

[Event "Sparkassen-Open A"]
[Site "Heusenstamm, Martinsee"]
[Date "2021.11.19"]
[Round "2.2"]
[White "Gebhardt, Ulrich"]
[Black "Krassowizkij, Jaroslaw"]
[Result "0-1"]
[WhiteElo "2093"]
[BlackElo "2458"]
[PlyCount "74"]
[EventDate "2021.??.??"]
[WhiteTeam "SK Ettlingen"]
[BlackTeam "TSV Schönaich"]

{[%evp 0,11,17,17,17,6,33,33,55,41,24,31,29,20]} 1. d4 {[%emt 0:00:37]} Nf6 2.
c4 g6 {[%emt 0:00:04]} 3. Nc3 d5 4. Bf4 Bg7 {[%emt 0:00:04]} 5. e3 {[%emt 0:00:
23]} O-O 6. Qb3 {[%emt 0:00:07]} c5 {[%emt 0:02:08]} 7. cxd5 {[%emt 0:02:05]}
cxd4 {[%emt 0:00:26]} 8. exd4 {[%emt 0:00:11]} Nbd7 {[%emt 0:03:36]} 9. Be2 {
[%emt 0:08:40]} Nb6 {[%emt 0:00:31]} 10. d6 {[%emt 0:03:01]} Be6 {[%emt 0:13:
55]} 11. Qa3 {[%emt 0:11:01]} exd6 {[%emt 0:05:52]} 12. Qxd6 {[%emt 0:04:19]}
Qe8 {[%emt 0:09:00]} 13. Nf3 {[%emt 0:17:35]} Rd8 {[%emt 0:02:39]} 14. Qa3 {
[%emt 0:01:24]} Nfd5 {[%emt 0:02:48]} 15. Nxd5 {[%emt 0:09:10]} Bxd5 {[%emt 0:
08:35]} 16. Qe3 {[%emt 0:03:00]} Bc6 {[%emt 0:06:34]} 17. O-O {[%emt 0:01:51]}
Nd5 {[%emt 0:00:13]} 18. Qxe8 {[%emt 0:02:57]} Rfxe8 {[%emt 0:00:23]} 19. Be3 {
[%emt 0:00:20]} Nxe3 {[%emt 0:00:48]} 20. fxe3 {[%emt 0:00:32]} Rxe3 {[%emt 0:
04:12]} 21. Bc4 {[%emt 0:05:13]} Bxf3 {[%emt 0:09:01]} 22. Rxf3 {[%emt 0:07:34]
} Rxf3 {[%emt 0:00:43]} 23. gxf3 Bxd4+ 24. Kg2 {[%emt 0:02:51]} Bxb2 {[%emt 0:
00:16]} 25. Rb1 {[%emt 0:00:23]} Rd2+ 26. Kg3 {[%emt 0:01:06]} Be5+ {[%emt 0:
02:02]} 27. f4 {[%emt 0:01:35]} Bxf4+ {[%emt 0:00:30]} 28. Kxf4 {[%emt 0:00:09]
} Rd4+ {[%emt 0:00:16]} 29. Ke5 {[%emt 0:00:06]} Rxc4 {[%emt 0:00:12]} 30. Rxb7
{[%emt 0:00:09]} Rc2 {[%emt 0:04:13]} 31. Rxa7 {[%emt 0:00:36]} Rxh2 {[%emt 0:
00:13]} 32. a4 {[%emt 0:01:21]} Kg7 {[%emt 0:00:11]} 33. a5 {[%emt 0:00:15]}
Ra2 {[%emt 0:01:57]} 34. a6 {[%emt 0:01:03]} h5 {[%emt 0:00:06]} 35. Kd6 {
[%emt 0:02:38]} h4 {[%emt 0:00:37]} 36. Ke7 {[%emt 0:00:27]} h3 {[%emt 0:00:41]
} 37. Ke8 {[%emt 0:00:11]} Re2+ {[%emt 0:00:35]} 0-1

[Event "Sparkassen-Open A"]
[Site "Heusenstamm, Martinsee"]
[Date "2021.11.19"]
[Round "2.3"]
[White "Milov, Leonid"]
[Black "Schmidt, Markus"]
[Result "1-0"]
[WhiteElo "2450"]
[BlackElo "2089"]
[PlyCount "83"]
[EventDate "2021.??.??"]
[WhiteTeam "SC Noris-Tarrasch Nürnberg"]
[BlackTeam "SK Niederbrechen"]

{[%evp 0,21,17,18,44,45,45,34,30,6,40,25,43,46,45,-1,-1,-6,5,-2,-11,-3,-2,14]} 
1. e4 {[%emt 0:17:11]} c5 {[%emt 0:02:37]} 2. Nf3 {[%emt 0:00:17]} Nc6 {
[%emt 0:00:16]} 3. d4 {[%emt 0:00:12]} cxd4 {[%emt 0:00:29]} 4. Nxd4 Nf6 5. Nc3
{[%emt 0:00:06]} e5 {[%emt 0:00:28]} 6. Ndb5 {[%emt 0:00:41]} d6 {[%emt 0:00:
05]} 7. Bg5 {[%emt 0:00:17]} a6 {[%emt 0:00:22]} 8. Na3 {[%emt 0:00:21]} b5 {
[%emt 0:00:20]} 9. Bxf6 {[%emt 0:00:47]} gxf6 10. Nd5 Bg7 {[%emt 0:01:01]} 11.
Bd3 {[%emt 0:01:29]} Ne7 {[%emt 0:03:13]} 12. Nxe7 {[%emt 0:00:48]} Qxe7 13. c4
{[%emt 0:00:53]} f5 {[%emt 0:02:10]} 14. O-O {[%emt 0:00:37]} O-O {[%emt 0:01:
17]} 15. Qh5 {[%emt 0:01:58]} Rb8 {[%emt 0:07:33]} 16. exf5 {[%emt 0:04:00]} e4
{[%emt 0:02:07]} 17. Rae1 {[%emt 0:01:04]} Bb7 {[%emt 0:01:25]} 18. Qg4 {
[%emt 0:24:27]} Rfe8 {[%emt 0:01:35]} 19. cxb5 {[%emt 0:04:04]} Kh8 {[%emt 0:
09:31]} 20. bxa6 {[%emt 0:18:20]} Ba8 {[%emt 0:00:25]} 21. b3 {[%emt 0:21:24]}
d5 {[%emt 0:08:14]} 22. Nb1 {[%emt 0:01:43]} Be5 {[%emt 0:01:12]} 23. Be2 {
[%emt 0:01:06]} Rb6 {[%emt 0:04:17]} 24. Rc1 {[%emt 0:05:11]} Rg8 {[%emt 0:15:
50]} 25. f6 {[%emt 0:06:05]} Qe8 {[%emt 0:01:59]} 26. Qh3 {[%emt 0:00:09]} Rxf6
{[%emt 0:00:55]} 27. Bg4 {[%emt 0:01:22]} Bf4 {[%emt 0:10:06]} 28. Rc8 {
[%emt 0:00:07]} Qe5 {[%emt 0:00:17]} 29. Rxg8+ {[%emt 0:00:49]} Kxg8 {[%emt 0:
00:23]} 30. g3 Bg5 {[%emt 0:01:05]} 31. Be2 {[%emt 0:00:56]} Rc6 {[%emt 0:02:
59]} 32. Qh5 {[%emt 0:00:48]} Rc2 {[%emt 0:10:44]} 33. a4 {[%emt 0:00:25]} d4 {
[%emt 0:05:44]} 34. Na3 {[%emt 0:00:42]} Ra2 {[%emt 0:03:02]} 35. Nc4 {[%emt 0:
00:45]} Qf6 {[%emt 0:00:41]} 36. h4 {[%emt 0:00:22]} Bh6 {[%emt 0:03:36]} 37.
Qg4+ {[%emt 0:00:25]} Qg6 {[%emt 0:00:12]} 38. Qc8+ {[%emt 0:01:08]} Kg7 {
[%emt 0:00:13]} 39. Qxa8 {[%emt 0:02:17]} Rxe2 {[%emt 0:00:49]} 40. a7 {
[%emt 0:00:58]} Bf4 {[%emt 0:01:30]} 41. Qd5 {[%emt 0:00:45]} Rxf2 {[%emt 0:03:
37]} 42. Rxf2 {[%emt 0:00:24]} 1-0

[Event "Sparkassen-Open A"]
[Site "Heusenstamm, Martinsee"]
[Date "2021.11.19"]
[Round "2.4"]
[White "Suvorov, Alexander"]
[Black "Lohr, Matthias"]
[Result "1/2-1/2"]
[WhiteElo "2391"]
[BlackElo "2063"]
[PlyCount "93"]
[EventDate "2021.??.??"]
[WhiteTeam "SG Porz"]
[BlackTeam "TSV Schott Mainz"]

{[%evp 0,76,17,17,13,6,6,14,-3,2,2,2,10,10,27,24,28,25,31,16,28,22,12,7,7,-1,3,
6,14,2,-4,-7,-3,0,10,18,25,25,25,20,19,13,32,11,21,3,12,20,20,22,44,17,54,54,
50,49,50,37,32,26,31,36,41,37,44,41,40,22,40,32,30,9,8,14,21,-30,0,17,53]} 1.
d4 {[%emt 0:04:36]} d5 {[%emt 0:00:51]} 2. c4 {[%emt 0:00:17]} e6 {[%emt 0:00:
20]} 3. Nc3 {[%emt 0:00:26]} Nf6 {[%emt 0:00:39]} 4. cxd5 {[%emt 0:00:29]} exd5
{[%emt 0:00:14]} 5. Bg5 {[%emt 0:00:10]} Bb4 {[%emt 0:02:27]} 6. e3 {[%emt 0:
01:45]} h6 {[%emt 0:03:06]} 7. Bxf6 {[%emt 0:07:05]} Qxf6 {[%emt 0:00:15]} 8.
Qb3 {[%emt 0:00:04]} Qd6 {[%emt 0:23:36]} 9. a3 {[%emt 0:06:24]} Bxc3+ {
[%emt 0:02:22]} 10. bxc3 {[%emt 0:01:27]} O-O {[%emt 0:02:21]} 11. Nf3 {
[%emt 0:07:13]} Nc6 {[%emt 0:08:30]} 12. Be2 {[%emt 0:02:17]} b6 {[%emt 0:06:
37]} 13. O-O {[%emt 0:04:02]} Bg4 {[%emt 0:06:31]} 14. h3 {[%emt 0:01:47]} Bf5
{[%emt 0:03:40]} 15. Rfd1 {[%emt 0:06:58]} Na5 {[%emt 0:05:06]} 16. Qa2 {
[%emt 0:07:35]} Be4 {[%emt 0:07:28]} 17. Nd2 {[%emt 0:02:35]} Bf5 {[%emt 0:00:
22]} 18. Bf3 {[%emt 0:13:06]} Rad8 {[%emt 0:01:19]} 19. c4 {[%emt 0:08:51]} c6
{[%emt 0:02:13]} 20. Rac1 {[%emt 0:02:23]} Rfe8 {[%emt 0:00:39]} 21. Qb2 {
[%emt 0:02:46]} Qg6 {[%emt 0:01:34]} 22. Kh1 {[%emt 0:00:28]} Nxc4 {[%emt 0:04:
37]} 23. Nxc4 {[%emt 0:00:20]} dxc4 {[%emt 0:00:03]} 24. Rxc4 Be4 {[%emt 0:00:
24]} 25. Bxe4 {[%emt 0:00:57]} Qxe4 {[%emt 0:00:34]} 26. Rdc1 {[%emt 0:00:59]}
Rd6 {[%emt 0:01:29]} 27. Qc2 {[%emt 0:01:07]} Qxc2 {[%emt 0:00:24]} 28. R1xc2 {
[%emt 0:00:10]} Ree6 {[%emt 0:00:34]} 29. g4 {[%emt 0:03:13]} Kf8 {[%emt 0:02:
49]} 30. Kg2 {[%emt 0:00:35]} Ke7 {[%emt 0:00:35]} 31. Kf3 {[%emt 0:04:05]}
Rf6+ {[%emt 0:00:14]} 32. Ke2 {[%emt 0:00:45]} g5 {[%emt 0:01:16]} 33. Rd2 {
[%emt 0:07:42]} Rd5 {[%emt 0:01:01]} 34. e4 {[%emt 0:01:43]} Rb5 {[%emt 0:00:
30]} 35. Rc3 {[%emt 0:00:52]} Rd6 {[%emt 0:03:05]} 36. Ke3 {[%emt 0:01:26]} f6
{[%emt 0:01:46]} 37. f4 {[%emt 0:01:11]} gxf4+ {[%emt 0:00:16]} 38. Kxf4 {
[%emt 0:00:04]} h5 {[%emt 0:00:40]} 39. gxh5 {[%emt 0:00:45]} Rxh5 {[%emt 0:00:
05]} 40. Rg3 {[%emt 0:01:02]} Rh4+ {[%emt 0:07:11]} 41. Rg4 {[%emt 0:24:25]}
Rxh3 {[%emt 0:01:38]} 42. Rg7+ {[%emt 0:00:17]} Ke6 {[%emt 0:03:13]} 43. Rxa7 {
[%emt 0:00:27]} Rh4+ {[%emt 0:01:55]} 44. Ke3 {[%emt 0:02:16]} Rh3+ {[%emt 0:
00:28]} 45. Kf4 {[%emt 0:00:30]} Rh4+ {[%emt 0:00:20]} 46. Ke3 {[%emt 0:00:31]}
Rh3+ {[%emt 0:00:15]} 47. Kf4 {[%emt 0:00:36]} 1/2-1/2

[Event "Sparkassen-Open A"]
[Site "Heusenstamm, Martinsee"]
[Date "2021.11.19"]
[Round "2.5"]
[White "Mährlein, Christoph"]
[Black "Abel, Thomas"]
[Result "0-1"]
[WhiteElo "2061"]
[BlackElo "2334"]
[PlyCount "80"]
[EventDate "2021.??.??"]
[WhiteTeam "SC Pforzheim"]
[BlackTeam "VL Bad Vilbel"]

{[%evp 0,71,17,18,38,30,30,21,4,5,1,4,11,-12,-10,-3,0,16,-4,-13,31,15,34,2,50,
49,47,-160,23,10,51,29,36,16,27,-38,52,34,24,-36,-39,-32,-68,-74,-88,-88,-45,
-83,-32,-67,-22,-29,18,24,39,-7,106,-7,0,-111,-119,-221,-231,-214,-201,-190,
-214,-252,-258,-309,-305,-339,-341,-367]} 1. e4 {[%emt 0:00:35]} e6 2. d4 d5 3.
e5 {[%emt 0:00:03]} c5 {[%emt 0:00:07]} 4. c3 {[%emt 0:00:13]} Nc6 {[%emt 0:00:
05]} 5. Nf3 {[%emt 0:00:22]} Qb6 {[%emt 0:00:06]} 6. a3 {[%emt 0:00:12]} Bd7 {
[%emt 0:00:55]} 7. b4 {[%emt 0:00:36]} cxd4 {[%emt 0:00:35]} 8. cxd4 {[%emt 0:
00:29]} Rc8 {[%emt 0:00:07]} 9. Be3 {[%emt 0:01:52]} Nge7 {[%emt 0:01:00]} 10.
Bd3 {[%emt 0:00:21]} Nf5 {[%emt 0:01:11]} 11. O-O {[%emt 0:01:52]} Be7 {
[%emt 0:01:56]} 12. Bxf5 {[%emt 0:07:00]} exf5 {[%emt 0:00:03]} 13. Qb3 {
[%emt 0:01:00]} Be6 {[%emt 0:07:00]} 14. Nc3 {[%emt 0:06:15]} Qd8 {[%emt 0:10:
07]} 15. Rac1 {[%emt 0:02:23]} g5 {[%emt 0:06:10]} 16. g3 {[%emt 0:08:13]} O-O
{[%emt 0:08:53]} 17. h4 {[%emt 0:06:43]} h6 {[%emt 0:09:50]} 18. hxg5 {[%emt 0:
01:04]} hxg5 {[%emt 0:00:03]} 19. Kg2 {[%emt 0:00:28]} g4 {[%emt 0:04:37]} 20.
Ne1 {[%emt 0:04:19]} Nxe5 {[%emt 0:00:21]} 21. Ne2 {[%emt 0:02:40]} Nc4 {
[%emt 0:02:24]} 22. Nd3 {[%emt 0:04:37]} Bg5 {[%emt 0:10:28]} 23. Nef4 {
[%emt 0:02:31]} Qe7 {[%emt 0:01:02]} 24. Rh1 {[%emt 0:06:44]} Rc6 {[%emt 0:07:
47]} 25. Nc5 {[%emt 0:08:40]} Bxf4 {[%emt 0:15:52]} 26. Bxf4 {[%emt 0:03:38]}
b6 {[%emt 0:00:19]} 27. Nd3 {[%emt 0:03:49]} Bc8 {[%emt 0:02:09]} 28. Rce1 {
[%emt 0:07:48]} Re6 {[%emt 0:00:25]} 29. Be5 {[%emt 0:02:44]} f6 {[%emt 0:01:
59]} 30. Nf4 {[%emt 0:04:38]} fxe5 {[%emt 0:01:27]} 31. Nxe6 {[%emt 0:02:40]}
Bxe6 {[%emt 0:03:13]} 32. Rh6 {[%emt 0:00:26]} Rf6 {[%emt 0:00:59]} 33. Rh5 {
[%emt 0:02:26]} Bf7 {[%emt 0:01:18]} 34. Rg5+ {[%emt 0:00:44]} Bg6 {[%emt 0:00:
27]} 35. Qc3 {[%emt 0:02:22]} e4 {[%emt 0:01:36]} 36. Qc1 {[%emt 0:00:57]} e3 {
[%emt 0:02:47]} 37. fxe3 {[%emt 0:03:06]} Qe4+ {[%emt 0:00:29]} 38. Kh2 {
[%emt 0:00:03]} Kg7 {[%emt 0:00:37]} 39. Rf1 {[%emt 0:02:22]} Rf8 {[%emt 0:00:
45]} 40. Kg1 {[%emt 0:00:33]} Rh8 {[%emt 0:00:22]} 0-1